NFL last seed in the AFC - Statistics

General Stats
  • This quiz has been taken 17 times
    7 since last reset
  • The average score is 15 of 56
Answer Stats
Year Team % Correct
2025 Tennessee Titans
100%
2022 Houston Texans
83%
2023 New England Patriots
83%
2024 Tennessee Titans
83%
2017 Cleveland Browns
67%
2021 Jacksonville Jaguars
67%
2020 Jacksonville Jaguars
67%
2019 Cincinnati Bengals
50%
2016 Cleveland Browns
50%
2011 Indianapolis Colts
50%
2014 Tennessee Titans
50%
2012 Kansas City Chiefs
33%
2007 Miami Dolphins
33%
2018 Oakland Raiders
33%
2015 Tennessee Titans
33%
1982 Baltimore Colts
17%
1974 Baltimore Colts
17%
1970 Boston Patriots
17%
2001 Buffalo Bills
17%
1985 Buffalo Bills
17%
1984 Buffalo Bills
17%
1971 Buffalo Bills
17%
2010 Cincinnati Bengals
17%
2002 Cincinnati Bengals
17%
1998 Cincinnati Bengals
17%
1993 Cincinnati Bengals
17%
1979 Cincinnati Bengals
17%
2004 Cleveland Browns
17%
1999 Cleveland Browns
17%
1994 Houston Oilers
17%
1983 Houston Oilers
17%
1973 Houston Oilers
17%
1972 Houston Oilers
17%
2013 Houston Texans
17%
1997 Indianapolis Colts
17%
1991 Indianapolis Colts
17%
1986 Indianapolis Colts
17%
2009 Kansas City Chiefs
17%
2008 Kansas City Chiefs
17%
1988 Kansas City Chiefs
17%
1987 Kansas City Chiefs
17%
1978 Kansas City Chiefs
17%
1977 Kansas City Chiefs
17%
1992 New England Patriots
17%
1990 New England Patriots
17%
1981 New England Patriots
17%
1996 New York Jets
17%
1995 New York Jets
17%
1989 New York Jets
17%
2006 Oakland Raiders
17%
2003 San Diego Chargers
17%
2000 San Diego Chargers
17%
1975 San Diego Chargers
17%
1980 Seattle Seahawks
17%
2005 Houston Texans
0%
1976 Tampa Bay Buccaneers
0%
No matching quizzes found
Score Distribution
Percent of People with Each Score
Percentile by Number Answered
Your Score History
You have not taken this quiz since the last reset